The path unexplored : success mantra of brahmos (Record no. 12224)

000 -LEADER
fixed length control field 00461nam a22001697a 4500
008 - FIXED-LENGTH DATA ELEMENTS--GENERAL INFORMATION
fixed length control field 220823b ||||| |||| 00| 0 eng d
020 ## - INTERNATIONAL STANDARD BOOK NUMBER
International Standard Book Number 9788182748033
082 ## - DEWEY DECIMAL CLASSIFICATION NUMBER
Classification number 623.4519
Item number SIV
100 ## - MAIN ENTRY--PERSONAL NAME
Personal name Sivathanu Pillai, A.
245 ## - TITLE STATEMENT
Title The path unexplored : success mantra of brahmos
260 ## - PUBLICATION, DISTRIBUTION, ETC. (IMPRINT)
Place of publication, distribution, etc New Delhi
Name of publisher, distributor, etc Pantagon Press
Date of publication, distribution, etc 2014
300 ## - PHYSICAL DESCRIPTION
Extent xx, 205p.
650 ## - SUBJECT ADDED ENTRY--TOPICAL TERM
Topical term or geographic name as entry element Project management
650 ## - SUBJECT ADDED ENTRY--TOPICAL TERM
Topical term or geographic name as entry element Cruise missiles
650 ## - SUBJECT ADDED ENTRY--TOPICAL TERM
Topical term or geographic name as entry element High technology
942 ## - ADDED ENTRY ELEMENTS (KOHA)
Item type Books
Holdings
Withdrawn status Lost status Source of classification or shelving scheme Damaged status Not for loan Collection code Permanent location Current location Shelving location Date acquired Total Checkouts Total Renewals Full call number Barcode Date last seen Date last borrowed Koha item type Public note
          Fiction IMU-MPC Library IMU-MPC Library Fiction 2022-08-23 1 2 623.4519 SIV MPC6579 2025-03-17 2024-08-27 Books Column-66
Copyright © 2021 Indian Maritime University, Mumbai Port Campus. All Rights Reserved. Managed & Maintained by Central Library, IMU-Mumbai

webs counters

Powered by Koha